MARC details
| 000 -CABECERA |
| campo de control de longitud fija |
00807nam a2200229 a 4500 |
| 005 - FECHA Y HORA DE LA ÚLTIMA TRANSACCIÓN |
| campo de control |
20240910064058.0 |
| 008 - ELEMENTOS DE LONGITUD FIJA--INFORMACIÓN GENERAL |
| campo de control de longitud fija |
030430s1998 mx r 000 0 spa d |
| 020 ## - NÚMERO INTERNACIONAL NORMALIZADO PARA LIBROS |
| Número Internacional Estándar del Libro |
8436811607 |
| 035 ## - NÚMERO DE CONTROL DEL SISTEMA |
| Número de control de sistema |
UPN01000123856 |
| 049 ## - COLECCIÓN |
| Colección |
CG |
| 050 #4 - SIGNATURA TOPOGRÁFICA DE LA BIBLIOTECA DEL CONGRESO |
| Número de clasificación |
RC565 |
| Número de documento/Ítem |
M3.6 |
| 100 1# - ASIENTO PRINCIPAL--NOMBRE PERSONAL |
| Nombre de persona |
McCrady, Barbara |
| 245 14 - MENCIÓN DE TÍTULO |
| Título |
Los problemas de la bebida : |
| Resto del título |
un sistema de tratamiento paso a paso, manual del terapeuta, manual de autoayuda / |
| Mención de responsabilidad, etc. |
Barbara McCrady, Rafael Rodríguez Villarino, José Manuel Otero-López. |
| 260 ## - PUBLICACIÓN, DISTRIBUCIÓN, ETC. |
| Lugar de publicación, distribución, etc. |
Madrid : |
| Nombre del editor, distribuidor, etc. |
Pirámide, |
| Fecha de publicación, distribución, etc. |
c1998. |
| 300 ## - DESCRIPCIÓN FÍSICA |
| Extensión |
367 p. |
| 440 #0 - MENCIÓN DE SERIE/ASIENTO SECUNDARIO--TÍTULO |
| Título |
Psicología |
| 650 #4 - ASIENTO SECUNDARIO DE MATERIA - TERMINO TEMATICO |
| Término de materia o nombre geográfico como elemento de entrada |
Alcoholismo |
| 9 (RLIN) |
2121 |
| 650 #7 - ASIENTO SECUNDARIO DE MATERIA - TERMINO TEMATICO |
| Término de materia o nombre geográfico como elemento de entrada |
Alcoholismo |
| Subdivisión general |
Tratamiento |
| Fuente del encabezamiento o término |
|
| 9 (RLIN) |
2126 |
| 700 1# - ASIENTO SECUNDARIO--NOMBRE DE PERSONAL |
| Nombre de persona |
Rodríguez Villarino, Rafael, |
| Fechas asociadas al nombre |
1965- |
| Término indicativo de función/relación |
coaut. |
| 9 (RLIN) |
36974 |
| 700 1# - ASIENTO SECUNDARIO--NOMBRE DE PERSONAL |
| Nombre de persona |
Otero-López, José Manuel, |
| Término indicativo de función/relación |
coaut. |
| 9 (RLIN) |
39951 |
| 905 ## - TIPO DE MATERIAL |
| Tipo de material |
Libro |